Pintura chilena de hoy /

Gardado en:
Detalles Bibliográficos
Autor Principal: Otta, Francisco
Formato: Desconocido
Idioma:Spanish
Materias:
Etiquetas: Engadir etiqueta
Sen Etiquetas, Sexa o primeiro en etiquetar este rexistro!

MARC

LEADER 000000000a22000000004500
001 007569
041 0 |a spa 
100 1 |a Otta, Francisco 
245 1 0 |a Pintura chilena de hoy /   |c Francisco Otta. 
650 4 |a OTTA, FRANCISCO 
650 4 |a PINTURA CHILENA 
773 0 |d Madrid, España : Ediciones Mundo Hispánico  |t Cuadernos Hispanoamericanos  |g número 21 (1951), páginas 415-416 
942 |c ARC 
999 |c 14532  |d 14532